| 000 | 00590nam a2200181Ia 4500 | ||
|---|---|---|---|
| 008 | 090124s9999 xx 000 0 und d | ||
| 082 | _b19477 | ||
| 100 | _aदप्तरी के. ल. | ||
| 245 | _a तात्विक मीमांसापध्दती | ||
| 250 | _a0 | ||
| 260 | _c1937 | ||
| 300 | _a32 | ||
| 600 | _aदप्तरी के. ल. | ||
| 630 | _a तात्विक मीमांसापध्दती | ||
| 700 | _aदप्तरी के. ल. | ||
| 730 | _a तात्विक मीमांसापध्दती | ||
| 942 | _cBOOK | ||
| 999 |
_c90414 _d90414 |
||